[Event "23rd Bosna it"]
[Site "Sarajevo YUG"]
[Date "1984.03.25"]
[Round "6"]
[White "Djuric, Stefan"]
[Black "Van der Wiel, John"]
[Result "1/2-1/2"]
[WhiteElo "2500"]
[BlackElo "2515"]
[EventDate "1984.03.19"]
[PlyCount "82"]

1.c4 e6 2.Nc3 d5 3.d4 Be7 4.Nf3 Nf6 5.Bg5 O-O 6.e3 h6 7.Bxf6 Bxf6 8.Rc1 c6
9.Bd3 Nd7 10.O-O dxc4 11.Bxc4 e5 12.Ne4 exd4 13.Nxf6+ Nxf6 14.Qxd4 Qxd4 
15.Nxd4 Re8 16.Rfe1 Kf8 17.f3 Be6 18.Bxe6 fxe6 19.Nb3 Rad8 20.Red1 Ke7 21.
Na5 Rxd1+ 22.Rxd1 Rb8 23.Rd3 Nd7 24.Rb3 Nb6 25.h4 c5 26.Rb5 Kd6 27.b4 cxb4
28.Rxb4 Nd5 29.Rg4 b6 30.Nc4+ Kc5 31.Ne5 Rb7 32.Nd3+ Kd6 33.e4 Nc3 34.Kf2 
Nxa2 35.e5+ Kd5 36.Ke3 a5 37.Rd4+ Kc6 38.Rd6+ Kb5 39.Nf4 a4 40.Nxe6 Nb4 
41.Kd4 a3 1/2-1/2

[Event "23rd Bosna it"]
[Site "Sarajevo YUG"]
[Date "1984.03.25"]
[Round "6"]
[White "Drasko, Milan"]
[Black "Velimirovic, Dragoljub"]
[Result "1-0"]
[WhiteElo "2440"]
[BlackElo "2500"]
[EventDate "1984.03.19"]
[PlyCount "41"]

1.Nf3 Nf6 2.c4 c5 3.g3 Nc6 4.d4 cxd4 5.Nxd4 e6 6.Nc3 Qb6 7.Nb3 Ne5 8.e4 
Bb4 9.Qe2 a5 10.f4 Nc6 11.Be3 Qd8 12.Nd2 O-O 13.e5 d5 14.exf6 d4 15.Nde4 
dxe3 16.Qg4 g6 17.Qg5 Re8 18.c5 Kh8 19.Qh6 Rg8 20.Rd1 Nd4 21.Ng5 1-0

[Event "23rd Bosna it"]
[Site "Sarajevo YUG"]
[Date "1984.03.25"]
[Round "6"]
[White "Dizdar, Goran"]
[Black "Lobron, Eric"]
[Result "1-0"]
[WhiteElo "2465"]
[BlackElo "2520"]
[EventDate "1984.03.19"]
[PlyCount "82"]

1.d4 Nf6 2.Nf3 e6 3.e3 b6 4.Bd3 Bb7 5.O-O c5 6.c4 Be7 7.Nc3 cxd4 8.exd4 d5
9.cxd5 Nxd5 10.Bb5+ Bc6 11.Bc4 O-O 12.Ne5 Nxc3 13.bxc3 Bd5 14.Bb3 Nc6 15.
c4 Be4 16.Re1 Nxe5 17.Rxe4 Nc6 18.d5 exd5 19.cxd5 Na5 20.Bb2 Bf6 21.Bxf6 
Qxf6 22.d6 Rfd8 23.Rd4 Rac8 24.Rb1 Nxb3 25.axb3 g6 26.d7 Rc7 27.Qd2 Qe6 
28.Rd1 Qxb3 29.h4 Qb5 30.Qe3 Kf8 31.Rd5 Qc6 32.Qe5 f6 33.Qd4 Qc3 34.Qf4 
Kg7 35.h5 Rc4 36.Qd6 Qb4 37.Qe6 Re4 38.h6+ Kxh6 39.Qxf6 Re1+ 40.Rxe1 Qxe1+
41.Kh2 Qe4 1-0

[Event "23rd Bosna it"]
[Site "Sarajevo YUG"]
[Date "1984.03.26"]
[Round "7"]
[White "Lobron, Eric"]
[Black "Romanishin, Oleg"]
[Result "0-1"]
[WhiteElo "2520"]
[BlackElo "2580"]
[EventDate "1984.03.19"]
[PlyCount "72"]

1.e4 e5 2.Nf3 Nc6 3.Bb5 a6 4.Ba4 Nf6 5.O-O Be7 6.Re1 b5 7.Bb3 d6 8.c3 O-O 
9.h3 Na5 10.Bc2 c5 11.d4 Nc6 12.Nbd2 cxd4 13.cxd4 Nd7 14.Nf1 exd4 15.Nxd4 
Nxd4 16.Qxd4 Ne5 17.Qd1 Bf6 18.Ne3 Be6 19.a4 Rc8 20.axb5 axb5 21.Bd2 Qb6 
22.Ba5 Qc5 23.Bb3 Ng6 24.Bxe6 fxe6 25.Qg4 Rfe8 26.b4 Qe5 27.Rad1 Rc6 28.g3
Qc3 29.Qh5 Rf8 30.Re2 Bd4 31.Qxb5 Ne5 32.Qa4 Bxe3 33.Rxe3 Qb2 34.Rf1 Rc1 
35.f4 Nc4 36.Ree1 Rc2 0-1

[Event "23rd Bosna it"]
[Site "Sarajevo YUG"]
[Date "1984.03.26"]
[Round "7"]
[White "Velimirovic, Dragoljub"]
[Black "Dizdar, Goran"]
[Result "0-1"]
[WhiteElo "2500"]
[BlackElo "2465"]
[EventDate "1984.03.19"]
[PlyCount "90"]

1.e4 e6 2.d4 d5 3.Nc3 Bb4 4.e5 b6 5.a3 Bf8 6.b4 c5 7.bxc5 bxc5 8.Nf3 Ne7 
9.dxc5 Nec6 10.Be3 Be7 11.Nb5 O-O 12.c4 Ba6 13.cxd5 exd5 14.Qa4 Bc8 15.Rd1
Be6 16.Nbd4 Nxd4 17.Nxd4 Nd7 18.Nc6 Qe8 19.Qb5 Rc8 20.Rc1 d4 21.Bxd4 Bg5 
22.Rd1 Bd5 23.Nb4 Nxe5 24.Qxe8 Rfxe8 25.Bb5 Bxg2 26.Bxe8 Rxe8 27.f4 Ng4+ 
28.Kd2 Bxf4+ 29.Kd3 Bxh1 30.Rxh1 Bxh2 31.Nd5 f5 32.c6 Kf7 33.Rb1 Rc8 34.
Rb7+ Ke6 35.Ne7 Rc7 36.Bxa7 Rxe7 37.Kc4 Ne5+ 38.Kb5 Nxc6 39.Kxc6 Rxb7 40.
Kxb7 f4 41.a4 f3 42.Bf2 g5 43.a5 g4 44.a6 g3 45.Bxg3 Bg1 0-1

[Event "23rd Bosna it"]
[Site "Sarajevo YUG"]
[Date "1984.03.26"]
[Round "7"]
[White "Hulak, Krunoslav"]
[Black "Popovic, Petar"]
[Result "1/2-1/2"]
[WhiteElo "2510"]
[BlackElo "2515"]
[EventDate "1984.03.19"]
[PlyCount "22"]

1.e4 c5 2.Nf3 d6 3.d4 cxd4 4.Nxd4 Nf6 5.Nc3 Nc6 6.Be2 e5 7.Nb3 Be7 8.Be3 
O-O 9.O-O Be6 10.f4 exf4 11.Bxf4 d5 1/2-1/2

[Event "23rd Bosna it"]
[Site "Sarajevo YUG"]
[Date "1984.03.26"]
[Round "7"]
[White "Kurajica, Bojan"]
[Black "Djuric, Stefan"]
[Result "1-0"]
[WhiteElo "2495"]
[BlackElo "2500"]
[EventDate "1984.03.19"]
[PlyCount "48"]

1.d4 Nf6 2.Nf3 e6 3.g3 b6 4.Bg2 Bb7 5.O-O c5 6.c4 cxd4 7.Nxd4 Bxg2 8.Kxg2 
Qc8 9.b3 Be7 10.Qd3 O-O 11.Bb2 Nc6 12.Nd2 Nxd4 13.Bxd4 d5 14.Rac1 Qb7 15.
Qf3 Rad8 16.Rc2 Ne4 17.h4 Bb4 18.Nb1 Bc5 19.Bxc5 bxc5 20.cxd5 exd5 21.Nc3 
f5 22.Na4 c4 23.Rd1 Qb4 24.Rd4 {... (68)} 1-0

[Event "23rd Bosna it"]
[Site "Sarajevo YUG"]
[Date "1984.03.27"]
[Round "8"]
[White "Dizdar, Goran"]
[Black "Kortschnoj, Viktor"]
[Result "0-1"]
[WhiteElo "2465"]
[BlackElo "2635"]
[EventDate "1984.03.19"]
[PlyCount "86"]

1.Nf3 Nf6 2.g3 d5 3.Bg2 Bf5 4.c4 dxc4 5.Na3 Be6 6.Ng5 Bd5 7.e4 Bc6 8.Nxc4 
h6 9.Nxf7 Kxf7 10.Ne5+ Kg8 11.O-O Be8 12.Qb3+ e6 13.Bh3 Kh7 14.Qxb7 Nbd7 
15.Nc6 Qc8 16.Qxc8 Rxc8 17.Bxe6 Ra8 18.e5 Nc5 19.Nd4 Nxe6 20.Nxe6 Nd5 21.
d4 Rb8 22.Nxf8+ Rxf8 23.b3 Rf3 24.Ba3 Bc6 25.Rfe1 Kg8 26.Rac1 Bb7 27.e6 
Re8 28.Re5 a6 29.Rc5 Rd3 30.Kf1 Rxd4 31.Ke2 c6 32.Rc4 Rxc4 33.bxc4 Nf6 34.
Kd3 Bc8 35.e7 Kf7 36.Bd6 Ng8 37.Rc5 Bd7 38.Ra5 Ra8 39.Re5 Be6 40.f4 g6 41.
Rc5 Nxe7 42.Bxe7 Kxe7 43.Rxc6 Rc8 0-1

[Event "23rd Bosna it"]
[Site "Sarajevo YUG"]
[Date "1984.03.27"]
[Round "8"]
[White "Drasko, Milan"]
[Black "Marjanovic, Slavoljub"]
[Result "1/2-1/2"]
[WhiteElo "2440"]
[BlackElo "2525"]
[EventDate "1984.03.19"]
[PlyCount "82"]

1.Nf3 Nf6 2.c4 e6 3.d4 b6 4.g3 Bb7 5.Bg2 Be7 6.O-O O-O 7.Nc3 Ne4 8.Qc2 
Nxc3 9.Qxc3 c5 10.Rd1 d6 11.b3 Bf6 12.Bb2 Qe7 13.Qc2 Nc6 14.e4 e5 15.d5 
Nd4 16.Bxd4 exd4 17.Rab1 Rae8 18.Ne1 g6 19.Nd3 Bg7 20.Re1 Bc8 21.f4 Qc7 
22.Nf2 Re7 23.Bh3 f5 24.Re2 g5 25.Bxf5 gxf4 26.g4 Bxf5 27.gxf5 f3 28.Ree1 
Be5 29.Kh1 Rg7 30.Nd3 Qe7 31.Qf2 Rg2 32.Rg1 Kh8 33.Rxg2 fxg2+ 34.Qxg2 Rg8 
35.Qf3 Bf6 36.Re1 Qg7 37.Rf1 Qg5 38.Nf4 Be5 39.Nd3 Bf6 40.Qf2 Qg4 41.Qf3 
Qg5 1/2-1/2

[Event "23rd Bosna it"]
[Site "Sarajevo YUG"]
[Date "1984.03.27"]
[Round "8"]
[White "Romanishin, Oleg"]
[Black "Velimirovic, Dragoljub"]
[Result "1/2-1/2"]
[WhiteElo "2580"]
[BlackElo "2500"]
[EventDate "1984.03.19"]
[PlyCount "65"]

1.Nf3 c5 2.g3 Nc6 3.Bg2 g6 4.c3 e5 5.d4 cxd4 6.cxd4 e4 7.Ne5 d5 8.Qa4 Bg7 
9.Nxc6 Qd7 10.Nc3 bxc6 11.b3 Ne7 12.Ba3 Nf5 13.e3 h5 14.h4 Bf8 15.Bh3 Bxa3
16.Qxa3 Qd6 17.Qxd6 Nxd6 18.Bf1 Bg4 19.Rc1 f6 20.Kd2 Rh7 21.Rc2 Bf3 22.Rg1
g5 23.Bh3 Bg4 24.Bxg4 hxg4 25.hxg5 fxg5 26.Rgc1 Kd7 27.Nxd5 Rf8 28.Rxc6 
Rxf2+ 29.Ke1 Rhh2 30.Rc7+ Kd8 31.R1c6 Ne8 32.Rxa7 Rb2 33.Rc8+ 1/2-1/2

[Event "23rd Bosna it"]
[Site "Sarajevo YUG"]
[Date "1984.03.27"]
[Round "8"]
[White "Yusupov, Artur"]
[Black "Timman, Jan"]
[Result "1/2-1/2"]
[WhiteElo "2570"]
[BlackElo "2610"]
[EventDate "1984.03.19"]
[PlyCount "82"]

1.d4 Nf6 2.Nf3 d5 3.c4 dxc4 4.e3 Bg4 5.Bxc4 e6 6.Nc3 a6 7.O-O Nc6 8.h3 Bh5
9.Be2 Bd6 10.b3 O-O 11.Bb2 Qe7 12.Rc1 Rfd8 13.Nd2 Bg6 14.Nc4 e5 15.Nxd6 
exd4 16.Nxb7 dxc3 17.Nxd8 Rxd8 18.Bxc3 Rxd1 19.Rfxd1 h6 20.Bxa6 Ne4 21.Bd3
Bh5 22.Bxe4 Qxe4 23.Rd7 Qg6 24.Kf1 Kh7 25.Rd5 Qe4 26.Rc5 Bg6 27.a3 Ne7 28.
Kg1 Nd5 29.Bd4 f6 30.a4 Nf4 31.exf4 Qxd4 32.f5 Bf7 33.Rxc7 Bxb3 34.Re1 
Qxa4 35.Ree7 Kh8 36.Rc8+ Kh7 37.Ree8 Bg8 38.Rxg8 Qa1+ 39.Kh2 Qe5+ 40.Kg1 
Qe1+ 41.Kh2 Qe5+ 1/2-1/2

[Event "23rd Bosna it"]
[Site "Sarajevo YUG"]
[Date "1984.03.27"]
[Round "8"]
[White "Van der Wiel, John"]
[Black "Kurajica, Bojan"]
[Result "1-0"]
[WhiteElo "2515"]
[BlackElo "2495"]
[EventDate "1984.03.19"]
[PlyCount "60"]

1.e4 c5 2.Nf3 e6 3.d4 cxd4 4.Nxd4 Nc6 5.Nb5 d6 6.c4 Nf6 7.N1c3 a6 8.Na3 
Be7 9.Be2 O-O 10.O-O b6 11.Be3 Bb7 12.Qb3 Nd7 13.Rad1 Rc8 14.Rd2 Qc7 15.
Rc1 Qb8 16.Qd1 Rfe8 17.Kh1 Ba8 18.Nc2 Na5 19.Qf1 Ne5 20.Na3 d5 21.cxd5 b5 
22.f4 b4 23.fxe5 bxc3 24.Rdc2 exd5 25.Bxa6 Rcd8 26.Rxc3 d4 27.Bxd4 Qxb2 
28.Nc4 Qb4 29.Bb6 Nxc4 30.Bxd8 Nd2 31.Bxe7 {Analysis: Qxc3 32. Rxc3 Nxf1 
33. Bxf1} 1-0

[Event "23rd Bosna it"]
[Site "Sarajevo YUG"]
[Date "1984.03.27"]
[Round "8"]
[White "Popovic, Petar"]
[Black "Lobron, Eric"]
[Result "0-1"]
[WhiteElo "2515"]
[BlackElo "2520"]
[EventDate "1984.03.19"]
[PlyCount "114"]

1.e4 c6 2.d4 d5 3.Nd2 dxe4 4.Nxe4 Bf5 5.Ng3 Bg6 6.N1e2 e6 7.Nf4 Qh4 8.c3 
Bd6 9.Ngh5 Bxh5 10.Qxh5 Qe7 11.g3 Nf6 12.Qe2 O-O 13.Bg2 Nbd7 14.Nd3 a5 15.
O-O a4 16.Re1 Bc7 17.Qc2 Nb6 18.Bd2 Nc4 19.Bg5 a3 20.b3 Nd6 21.Nc5 Rfd8 
22.Rad1 h6 23.Bc1 Nd5 24.Bd2 Qf6 25.c4 Ne7 26.Bf4 Ra7 27.Be5 Qg6 28.Qc3 
Ne8 29.Bxc7 Nxc7 30.Qb4 b5 31.Nd3 Na6 32.Qxa3 bxc4 33.Ne5 Qf6 34.bxc4 Rda8
35.Qd6 Nf5 36.Qxc6 Nb4 37.Qb5 Nc2 38.Bxa8 Rxa8 39.Nd7 Qd8 40.Rf1 Ncxd4 41.
Qb7 Rxa2 42.Ne5 Kh7 43.Qe4 Qb6 44.Rd3 Kg8 45.Nf3 Nb3 46.Rdd1 Nc5 47.Qe5 f6
48.Qf4 Kh7 49.Nd4 Ne7 50.Nb5 Ng6 51.Qe3 Ne5 52.Qc1 f5 53.Nd4 Ne4 54.Qe3 
Nxc4 55.Qc1 Ncd2 56.Qc6 Qxd4 57.Qxe6 Nf3+ 0-1

[Event "23rd Bosna it"]
[Site "Sarajevo YUG"]
[Date "1984.03.27"]
[Round "8"]
[White "Djuric, Stefan"]
[Black "Hulak, Krunoslav"]
[Result "1/2-1/2"]
[WhiteElo "2500"]
[BlackElo "2510"]
[EventDate "1984.03.19"]
[PlyCount "32"]

1.e4 e5 2.Nf3 Nc6 3.Bb5 a6 4.Ba4 Nf6 5.O-O Be7 6.Re1 b5 7.Bb3 d6 8.c3 O-O 
9.h3 Nb8 10.d4 Nbd7 11.Nbd2 Bb7 12.Bc2 Re8 13.Nf1 Bf8 14.Ng3 g6 15.Bg5 Bg7
16.a4 1/2-1/2

[Event "23rd Bosna it"]
[Site "Sarajevo YUG"]
[Date "1984.03.30"]
[Round "9"]
[White "Kortschnoj, Viktor"]
[Black "Romanishin, Oleg"]
[Result "1/2-1/2"]
[WhiteElo "2635"]
[BlackElo "2580"]
[EventDate "1984.03.19"]
[PlyCount "95"]

1.Nf3 Nf6 2.c4 g6 3.Nc3 Bg7 4.e4 d6 5.d4 O-O 6.Be2 e5 7.Be3 Nbd7 8.O-O Qe7
9.Qc2 c6 10.Rfe1 Ng4 11.Bg5 f6 12.Bh4 h5 13.Bg3 Qf7 14.Rad1 Nh6 15.Bf1 g5 
16.dxe5 dxe5 17.h3 Re8 18.b4 Nf8 19.c5 Ng6 20.Nb1 Be6 21.Nbd2 b5 22.cxb6 
axb6 23.Nc4 Bf8 24.a3 h4 25.Bh2 b5 26.Nd6 Bxd6 27.Rxd6 Rxa3 28.Qxc6 Nf8 
29.Bxb5 Rc8 30.Qb6 Qe7 31.Rc6 Rxc6 32.Bxc6 Rb3 33.b5 Qb4 34.Rf1 Rb1 35.Qe3
Rxf1+ 36.Kxf1 Nf7 37.Kg1 Qb1+ 38.Qe1 Qb2 39.Kh1 Nd6 40.Qd2 Qb1+ 41.Bg1 
Nxe4 42.Qe3 Nd6 43.Nxe5 fxe5 44.Qxg5+ Kf7 45.Qxe5 Qb4 46.Bh2 Qb1+ 47.Bg1 
Qb4 48.Bh2 1/2-1/2

[Event "23rd Bosna it"]
[Site "Sarajevo YUG"]
[Date "1984.03.30"]
[Round "9"]
[White "Marjanovic, Slavoljub"]
[Black "Dizdar, Goran"]
[Result "1/2-1/2"]
[WhiteElo "2525"]
[BlackElo "2465"]
[EventDate "1984.03.19"]
[PlyCount "48"]

1.e4 e6 2.d4 d5 3.Nd2 c5 4.exd5 exd5 5.Ngf3 a6 6.Be2 Nf6 7.O-O Be7 8.dxc5 
Bxc5 9.Nb3 Ba7 10.c4 O-O 11.cxd5 Qxd5 12.Qxd5 Nxd5 13.Rd1 Nb4 14.Bf4 N8c6 
15.Bd6 Re8 16.Kf1 Be6 17.Na5 Nxa5 18.Bxb4 Nc6 19.Bc3 Rad8 20.b3 g6 21.Rac1
Kf8 22.Bb2 Rxd1+ 23.Rxd1 Rd8 24.Rxd8+ Nxd8 1/2-1/2

[Event "23rd Bosna it"]
[Site "Sarajevo YUG"]
[Date "1984.03.30"]
[Round "9"]
[White "Kurajica, Bojan"]
[Black "Yusupov, Artur"]
[Result "1/2-1/2"]
[WhiteElo "2495"]
[BlackElo "2570"]
[EventDate "1984.03.19"]
[PlyCount "152"]

1.d4 d5 2.c4 c6 3.e3 Nf6 4.Nf3 g6 5.Nc3 Bg7 6.cxd5 Nxd5 7.h4 Bg4 8.Qb3 Nb6
9.h5 Bxh5 10.Ng5 e6 11.Nxe6 fxe6 12.Qxe6+ Qe7 13.Qxe7+ Kxe7 14.f3 N8d7 15.
g4 Bxg4 16.fxg4 Rae8 17.Kd2 Kd8 18.Kd3 Nf6 19.g5 Ng4 20.Rh4 h5 21.gxh6 
Nxh6 22.Bg2 Nf5 23.Rg4 Re6 24.Be4 Ne7 25.Bd2 Nd7 26.Rf1 Re8 27.Bg2 Bh6 28.
Re4 Rd6 29.Rh1 Bg5 30.Kc2 Nf6 31.Re5 Nf5 32.Rxe8+ Kxe8 33.Rh8+ Kd7 34.Kd3 
Kc7 35.Ne4 Nxe4 36.Bxe4 Rd7 37.Ra8 a6 38.Ba5+ Kd6 39.Rg8 Ne7 40.Rf8 c5 41.
Rb8 cxd4 42.exd4 Nd5 43.Kc4 Rh7 44.a4 Ne3+ 45.Kb3 Nd5 46.Rg8 Rh6 47.Bg2 b6
48.Be1 a5 49.Rb8 Kc7 50.Bg3+ Bf4 51.Rb7+ Kc8 52.Bxd5 Rh3 53.Rxb6 Rxg3+ 54.
Kc4 Rg1 55.Ra6 Bd2 56.Kb5 Bb4 57.Ra7 g5 58.Be6+ Kd8 59.d5 Rd1 60.Kb6 Rd2 
61.b3 Rd3 62.Rd7+ Ke8 63.d6 Rxd6+ 64.Rxd6 Bxd6 65.Kxa5 Ke7 66.Bh3 Bf4 67.
Ka6 Bd2 68.a5 Kd6 69.Kb6 Be3+ 70.Kb5 Kc7 71.Bg2 Bd2 72.b4 g4 73.Ka4 g3 74.
b5 Be3 75.b6+ Bxb6 76.axb6+ Kxb6 1/2-1/2

[Event "23rd Bosna it"]
[Site "Sarajevo YUG"]
[Date "1984.03.30"]
[Round "9"]
[White "Velimirovic, Dragoljub"]
[Black "Popovic, Petar"]
[Result "1/2-1/2"]
[WhiteElo "2500"]
[BlackElo "2515"]
[EventDate "1984.03.19"]
[PlyCount "97"]

1.e4 c5 2.Nf3 d6 3.d4 cxd4 4.Nxd4 Nf6 5.Nc3 Nc6 6.Bc4 e6 7.Be3 Be7 8.Bb3 
a6 9.Rg1 Qa5 10.Qd2 Nxd4 11.Bxd4 b5 12.O-O-O O-O 13.g4 b4 14.g5 bxc3 15.
Bxc3 Nxe4 16.Bxa5 Nxd2 17.Rxd2 Bb7 18.h4 Rfc8 19.Re1 d5 20.Bc3 a5 21.a4 
Bc6 22.f4 Bb4 23.Re3 d4 24.Rxd4 Bc5 25.h5 Bd5 26.Bxd5 exd5 27.h6 Bxd4 28.
Bxd4 gxh6 29.gxh6 Rc4 30.c3 Rac8 31.Kb1 Rxa4 32.b3 Rxd4 33.cxd4 Kf8 34.Re5
Rd8 35.Kb2 Rd6 36.Ka3 Rxh6 37.Rxd5 Rf6 38.Ka4 Rxf4 39.Kxa5 Rf1 40.b4 Ke7 
41.b5 Ke6 42.Rh5 Rd1 43.d5+ Kd6 44.Kb6 Rf1 45.Ka7 f5 46.b6 Kxd5 47.b7 Ra1+
48.Kb6 Rb1+ 49.Kc7 1/2-1/2

[Event "23rd Bosna it"]
[Site "Sarajevo YUG"]
[Date "1984.03.30"]
[Round "9"]
[White "Lobron, Eric"]
[Black "Djuric, Stefan"]
[Result "1-0"]
[WhiteElo "2520"]
[BlackElo "2500"]
[EventDate "1984.03.19"]
[PlyCount "69"]

1.e4 e5 2.Nf3 Nc6 3.Bb5 a6 4.Ba4 Nf6 5.O-O Be7 6.Re1 b5 7.Bb3 O-O 8.c3 d5 
9.exd5 Nxd5 10.Nxe5 Nxe5 11.Rxe5 c6 12.Re1 Bd6 13.g3 Ra7 14.d3 Bf5 15.Nd2 
Bxd3 16.Ne4 Bxe4 17.Rxe4 Rd7 18.Qf3 Bc5 19.Bf4 a5 20.Rae1 Nxf4 21.Rxf4 a4 
22.Bc2 Qb6 23.Bxh7+ Kxh7 24.Rh4+ Kg8 25.Qf5 f6 26.Qe6+ Rdf7 27.Qh3 Re7 28.
Rh8+ Kf7 29.Qh5+ g6 30.Qh7+ Ke8 31.Qxg6+ Kd7 32.Rd1+ Kc7 33.Rxf8 Bxf2+ 34.
Kg2 Qc5 35.Rf7 1-0

[Event "23rd Bosna it"]
[Site "Sarajevo YUG"]
[Date "1984.04.01"]
[Round "10"]
[White "Romanishin, Oleg"]
[Black "Marjanovic, Slavoljub"]
[Result "1/2-1/2"]
[WhiteElo "2580"]
[BlackElo "2525"]
[EventDate "1984.03.19"]
[PlyCount "96"]

1.e4 c5 2.Nc3 e6 3.g3 d5 4.Bg2 Nf6 5.d3 dxe4 6.Nxe4 Nxe4 7.Bxe4 Nd7 8.Ne2 
Be7 9.O-O Nf6 10.Bg2 Qb6 11.a4 Bd7 12.a5 Qa6 13.Nc3 Rd8 14.Be3 Bc6 15.Qe2 
h5 16.Bg5 Rd4 17.Bxf6 gxf6 18.h4 f5 19.Bh3 Kf8 20.Kh2 Bf6 21.Qe3 c4 22.Ne2
Rd5 23.dxc4 Qxc4 24.Nf4 Rb5 25.a6 Rxb2 26.axb7 Rxb7 27.Rxa7 Rxa7 28.Qxa7 
Bxh4 29.Re1 Bf6 30.Qb8+ Kg7 31.Qc7 Bd5 32.Qd7 Qd4 33.Re3 Bc4 34.Qc7 e5 35.
c3 Qd8 36.Qxc4 exf4 37.Qxf4 Bg5 38.Qe5+ Bf6 39.Qxf5 h4 40.Rf3 Rh6 41.c4 
Qc7 42.Qf4 Qe5 43.Kg2 hxg3 44.Rxg3+ Rg6 45.Rxg6+ fxg6 46.Qf3 Qg5+ 47.Bg4 
Bd4 48.Qe4 Qc5 1/2-1/2

[Event "23rd Bosna it"]
[Site "Sarajevo YUG"]
[Date "1984.04.01"]
[Round "10"]
[White "Van der Wiel, John"]
[Black "Lobron, Eric"]
[Result "1-0"]
[WhiteElo "2515"]
[BlackElo "2520"]
[EventDate "1984.03.19"]
[PlyCount "59"]

1.e4 c6 2.d4 d5 3.Nd2 dxe4 4.Nxe4 Bf5 5.Ng3 Bg6 6.h4 h6 7.Nf3 Nd7 8.h5 Bh7
9.Bd3 Bxd3 10.Qxd3 e6 11.Bd2 Ngf6 12.O-O-O Be7 13.Qe2 Rc8 14.Ne5 c5 15.
dxc5 Nxe5 16.Bxh6 Qa5 17.Bxg7 Rxc5 18.a3 Nc4 19.Qf3 Nd5 20.Bxh8 Rb5 21.Qg4
Nxa3 22.Rd3 f6 23.bxa3 Bxa3+ 24.Kd1 Nc3+ 25.Kd2 Nb1+ 26.Ke2 Re5+ 27.Kf3 
Nd2+ 28.Rxd2 Qxd2 29.Qg6+ Kd7 30.Qd3+ 1-0

[Event "23rd Bosna it"]
[Site "Sarajevo YUG"]
[Date "1984.04.01"]
[Round "10"]
[White "Yusupov, Artur"]
[Black "Drasko, Milan"]
[Result "1-0"]
[WhiteElo "2570"]
[BlackElo "2440"]
[EventDate "1984.03.19"]
[PlyCount "111"]

1.d4 Nf6 2.Nf3 e6 3.e3 b6 4.Bd3 Bb7 5.O-O d5 6.Ne5 Bd6 7.f4 O-O 8.Nd2 Ne4 
9.c4 Nd7 10.cxd5 exd5 11.Nxe4 dxe4 12.Bc4 Nf6 13.Qb3 Qe8 14.Bd2 c6 15.a4 
Nd5 16.a5 Rb8 17.a6 Ba8 18.Rfc1 b5 19.Bxd5 cxd5 20.Bb4 Bxb4 21.Qxb4 f6 22.
Ng4 Qd7 23.Nf2 Rfc8 24.Nd1 Rxc1 25.Rxc1 Rb6 26.Ra1 Bc6 27.Nc3 Kf7 28.h3 f5
29.Ra5 Ke6 30.Qf8 b4 31.Nxd5 Bxd5 32.Qg8+ Qf7 33.Qxf7+ Kxf7 34.Rxd5 Kf6 
35.Ra5 Rc6 36.Rb5 Rxa6 37.Rxb4 h5 38.g4 hxg4 39.hxg4 fxg4 40.Rb5 Ra1+ 41.
Kf2 Rb1 42.Re5 Rxb2+ 43.Kg3 a5 44.Rxe4 a4 45.d5 Rb5 46.Rxa4 Rxd5 47.Kxg4 
g6 48.e4 Rd1 49.e5+ Kf7 50.Ra7+ Ke6 51.Kg5 Rg1+ 52.Kh6 Kd5 53.Ra6 Rg4 54.
Rf6 Kc5 55.Kg7 Kd5 56.e6 1-0

[Event "23rd Bosna it"]
[Site "Sarajevo YUG"]
[Date "1984.04.01"]
[Round "10"]
[White "Djuric, Stefan"]
[Black "Velimirovic, Dragoljub"]
[Result "0-1"]
[WhiteElo "2500"]
[BlackElo "2500"]
[EventDate "1984.03.19"]
[PlyCount "102"]

1.d4 Nf6 2.c4 c5 3.Nf3 g6 4.g3 Bg7 5.Bg2 Qa5+ 6.Nbd2 cxd4 7.Nxd4 Nc6 8.Nb3
Qc7 9.O-O d6 10.Nb1 Be6 11.Na3 O-O 12.h3 Rfd8 13.Bg5 h6 14.Be3 Qd7 15.Kh2 
Ne5 16.Qd2 Rac8 17.Bxa7 Nxc4 18.Nxc4 Rxc4 19.Be3 Rdc8 20.Rac1 Ne4 21.Bxe4 
Rxe4 22.Rxc8+ Qxc8 23.Rc1 Qd7 24.f3 Re5 25.Bd4 Rh5 26.g4 Rd5 27.e4 Rb5 28.
Bxg7 Kxg7 29.Nd4 Rc5 30.b3 Qc8 31.Rxc5 dxc5 32.Nxe6+ Qxe6 33.Qc3+ Qf6 34.
Qxc5 Qxf3 35.Qxe7 Qf2+ 36.Kh1 Qg3 37.Qxb7 Qxh3+ 38.Kg1 Qxg4+ 39.Kf2 Qf4+ 
40.Ke2 Qh2+ 41.Ke3 Qxa2 42.Qb6 Qa1 43.Qb8 Qc3+ 44.Ke2 h5 45.Kf2 Qd4+ 46.
Kf3 h4 47.b4 Qd3+ 48.Kg2 Qxe4+ 49.Kh2 Qe2+ 50.Kh3 Qf3+ 51.Kh2 Qg3+ 0-1

[Event "23rd Bosna it"]
[Site "Sarajevo YUG"]
[Date "1984.04.01"]
[Round "10"]
[White "Kurajica, Bojan"]
[Black "Hulak, Krunoslav"]
[Result "1/2-1/2"]
[WhiteElo "2495"]
[BlackElo "2510"]
[EventDate "1984.03.19"]
[PlyCount "32"]

1.e4 e5 2.Nf3 Nc6 3.Bb5 a6 4.Ba4 Nf6 5.O-O Be7 6.Re1 b5 7.Bb3 d6 8.c3 O-O 
9.h3 Nb8 10.d4 Nbd7 11.Nbd2 Bb7 12.Bc2 Re8 13.Nf1 Bf8 14.Ng3 g6 15.Bg5 Bg7
16.Qd2 c5 1/2-1/2

[Event "23rd Bosna it"]
[Site "Sarajevo YUG"]
[Date "1984.04.02"]
[Round "11"]
[White "Kortschnoj, Viktor"]
[Black "Djuric, Stefan"]
[Result "1-0"]
[WhiteElo "2635"]
[BlackElo "2500"]
[EventDate "1984.03.19"]
[PlyCount "41"]

1.d4 Nf6 2.c4 g6 3.g3 Bg7 4.Bg2 d5 5.cxd5 Nxd5 6.e4 Nb4 7.d5 c6 8.a3 Qa5 
9.Nc3 cxd5 10.Bf4 N4c6 11.exd5 Nd4 12.Nf3 Bg4 13.O-O O-O 14.Re1 Re8 15.Be5
Nxf3+ 16.Bxf3 Bxe5 17.Rxe5 Nd7 18.Re3 Bxf3 19.Qxf3 Rad8 20.b4 Qa6 21.Rae1 
{more moves} 1-0

[Event "23rd Bosna it"]
[Site "Sarajevo YUG"]
[Date "1984.04.02"]
[Round "11"]
[White "Marjanovic, Slavoljub"]
[Black "Popovic, Petar"]
[Result "1/2-1/2"]
[WhiteElo "2525"]
[BlackElo "2515"]
[EventDate "1984.03.19"]
[PlyCount "59"]

1.e4 c5 2.Nf3 d6 3.d4 cxd4 4.Nxd4 Nf6 5.Nc3 Nc6 6.Bg5 e6 7.Qd2 Be7 8.O-O-O
O-O 9.f4 h6 10.Bxf6 Bxf6 11.Nxc6 bxc6 12.Qxd6 Qb6 13.Qd3 Rb8 14.b3 Qb4 15.
Nb1 Rd8 16.c3 Rxd3 17.cxb4 Rxd1+ 18.Kxd1 Rxb4 19.Bd3 a5 20.Na3 a4 21.Nc2 
Rb8 22.Bc4 c5 23.e5 Bd8 24.Ke2 Bb7 25.Ne3 Bc6 26.Rc1 g6 27.g3 Kg7 28.Nd1 
Ba5 29.Ne3 h5 30.Rd1 1/2-1/2

[Event "23rd Bosna it"]
[Site "Sarajevo YUG"]
[Date "1984.04.02"]
[Round "11"]
[White "Velimirovic, Dragoljub"]
[Black "Van der Wiel, John"]
[Result "0-1"]
[WhiteElo "2500"]
[BlackElo "2515"]
[EventDate "1984.03.19"]
[PlyCount "74"]

1.e4 d6 2.d4 Nf6 3.Nc3 g6 4.f4 Bg7 5.Nf3 O-O 6.Bd3 Na6 7.O-O c5 8.d5 Rb8 
9.Kh1 Bg4 10.Qe1 Nb4 11.a3 Nxd3 12.cxd3 Qb6 13.Nd2 Qa6 14.Qe3 Bd7 15.a4 e6
16.Ra3 exd5 17.exd5 Rfe8 18.Qg3 Bf5 19.Nc4 Ne4 20.Nxe4 Bxe4 21.f5 Bxd5 22.
f6 Bxc4 23.dxc4 Qxc4 24.Raf3 Bf8 25.b3 Qd5 26.Rd3 Qe5 27.Qh4 Qe4 28.Qh3 
Re5 29.Re3 Qd5 30.Bb2 Rxe3 31.Qxe3 Qc6 32.Re1 d5 33.Qf4 Re8 34.Be5 d4 35.
h4 h5 36.Kh2 Qe6 37.Kg3 Bd6 0-1

[Event "23rd Bosna it"]
[Site "Sarajevo YUG"]
[Date "1984.04.02"]
[Round "11"]
[White "Drasko, Milan"]
[Black "Dizdar, Goran"]
[Result "1-0"]
[WhiteElo "2440"]
[BlackElo "2465"]
[EventDate "1984.03.19"]
[PlyCount "79"]

1.d4 Nf6 2.c4 e6 3.Nc3 Bb4 4.e3 O-O 5.Ne2 Re8 6.a3 Bf8 7.Ng3 d5 8.Bd3 c5 
9.dxc5 Bxc5 10.cxd5 exd5 11.O-O Nc6 12.Nh5 Ng4 13.Be2 Qh4 14.h3 d4 15.Bxg4
dxc3 16.Bxc8 Raxc8 17.bxc3 Rcd8 18.Qf3 Ne5 19.Qf5 Nd3 20.Ng3 Qc4 21.e4 
Qxc3 22.Be3 Bxe3 23.fxe3 Ne5 24.Qf4 g6 25.Ne2 Qc5 26.Nd4 Qe7 27.Rab1 Rd7 
28.Qg3 Kh8 29.Rf4 Nd3 30.Rh4 Qe5 31.Qg4 Rde7 32.Nf3 Qg7 33.Ng5 h6 34.Rf1 
Kg8 35.Nf3 Nc5 36.e5 Nd7 37.Qg3 Nxe5 38.Nd2 f5 39.Rd4 Nf7 40.Nc4 1-0

[Event "23rd Bosna it"]
[Site "Sarajevo YUG"]
[Date "1984.04.03"]
[Round "12"]
[White "Van der Wiel, John"]
[Black "Kortschnoj, Viktor"]
[Result "1/2-1/2"]
[WhiteElo "2515"]
[BlackElo "2635"]
[EventDate "1984.03.19"]
[PlyCount "90"]

1.e4 e5 2.Nf3 Nc6 3.Bb5 a6 4.Ba4 Nf6 5.O-O Nxe4 6.d4 b5 7.Bb3 d5 8.dxe5 
Be6 9.Nbd2 Nc5 10.c3 d4 11.Bxe6 Nxe6 12.cxd4 Ncxd4 13.Ne4 Be7 14.Be3 Nf5 
15.Qc2 O-O 16.Nf6+ Bxf6 17.Qxf5 Be7 18.Rad1 Qc8 19.Nd2 Rd8 20.f4 c5 21.Qh3
Rd3 22.Ne4 Rxd1 23.Rxd1 Qc7 24.Nc3 Rd8 25.Nd5 Qb7 26.Qf3 Kh8 27.Nxe7 Qxe7 
28.Rxd8+ Qxd8 29.f5 Nd4 30.Qe4 Kg8 31.Kf1 g6 32.g4 Qc8 33.e6 gxf5 34.gxf5 
Qc6 35.Qg4+ Kf8 36.Bh6+ Ke7 37.f6+ Kxf6 38.Bg5+ Ke5 39.exf7 Qh1+ 40.Kf2 
Qxh2+ 41.Qg2 Qxg2+ 42.Kxg2 Ne6 43.Be7 c4 44.Kg3 a5 45.a3 Kf5 1/2-1/2

[Event "23rd Bosna it"]
[Site "Sarajevo YUG"]
[Date "1984.04.03"]
[Round "12"]
[White "Djuric, Stefan"]
[Black "Marjanovic, Slavoljub"]
[Result "1-0"]
[WhiteElo "2500"]
[BlackElo "2525"]
[EventDate "1984.03.19"]
[PlyCount "101"]

1.c4 e6 2.Nc3 c5 3.Nf3 Nc6 4.d4 d5 5.cxd5 exd5 6.Bf4 Nf6 7.e3 Be7 8.Be2 
O-O 9.O-O Be6 10.dxc5 Bxc5 11.Rc1 Rc8 12.a3 Bb6 13.Na4 Ne4 14.b4 h6 15.h3 
Bc7 16.Bxc7 Rxc7 17.Nc5 Qe7 18.Qd3 Nd6 19.Nxe6 fxe6 20.b5 Na5 21.Rxc7 Qxc7
22.Nd4 Rf6 23.Bg4 Qf7 24.Bd1 Nac4 25.Bb3 e5 26.Ne2 e4 27.Qd1 Nxb5 28.a4 
Nc7 29.Qd4 a6 30.Bxc4 dxc4 31.Nc3 b5 32.Nxe4 Rg6 33.Rd1 Kh7 34.f4 Rc6 35.
Kh2 Qe7 36.Ng3 c3 37.Nf5 Qf6 38.Qd3 c2 39.Rc1 Qc3 40.Qd7 Ne6 41.Qe8 Nc7 
42.Qd7 Qf6 43.Nxg7 Qd6 44.Qxd6 Rxd6 45.Rxc2 Rd7 46.Nh5 Kg6 47.Rc6+ Kf7 48.
axb5 axb5 49.Nf6 Re7 50.e4 b4 51.Ng4 1-0